Normas de Revisin̤ (serie 9000)

Bibliographic Details
Corporate Author: Instituto Mexicano de Contadores Pb︢licos
Format: Book
Language:Spanish
Published: Brasil Instituto Mexicano de Contadores Pb︢licos 2016
Subjects:
Online Access:Acceso restringido

MARC

LEADER 00000nam a22000007a 4500
005 2016050309089.0
007 cr|||| ||u|
008 160503s2016 ,x ||||| |||| 00||0 spa d
035 |a 14177 
040 |a vLex 
090 |c 6040  |d 6040 
245 1 0 |a Normas de Revisin̤ (serie 9000)  |h [Recurso electrn̤ico] /   |c Instituto Mexicano de Contadores Pb︢licos 
256 |a Servicio en ln̕ea  
260 |a Brasil   |b Instituto Mexicano de Contadores Pb︢licos  |c 2016 
300 |a 1 recurso electrn̤ico  
506 1 |a Contenido solo disponible en los productos indicados  |d vLex Global  |d vLex Global (Academic Edition, excluding Law Schools)  |d vLex Global (U.S. Academic Edition, Law Schools)  |d vLex Global (U.S. Academic Edition, excluding Law Schools)  |d vLex Global (Academic Edition, Law Schools) 
650 0 4 |a Derecho  |z Brasil 
710 |a Instituto Mexicano de Contadores Pb︢licos 
740 |a vLex libros (servicio en ln̕ea)  
856 4 0 |u http://vlex.com/source/normas-revision-serie-9000-14177  |z Acceso restringido  
942 |c BOOK